| 000 | 00842nam a2200253 a 4500 | ||
|---|---|---|---|
| 008 | 951121s1988||||[C 0 slo c | ||
| 020 |
_c39 Kčs. _q(1500 výtl.) |
||
| 040 |
_aSNK _bslo _cSNK _eAACR2 |
||
| 041 | 1 |
_aslo _hslo |
|
| 044 |
_axo _cSK |
||
| 080 | _a885.4-3 | ||
| 080 | _a808.54-087 | ||
| 100 | 1 |
_aMoravčík, Štefan _d1943- _4aut |
|
| 245 | 1 | 0 |
_aV Kiripolci svine kujú- _cMoravčík Štefan ; Štefan Moravčík, Martin Kellenberger, Pavol Blažo |
| 250 | _a1., vyd. | ||
| 260 |
_aBratislava _bTatran _c1988 _eKošice _fVýchodoslovenské tlačiarne |
||
| 300 |
_a2790 s., 24,15 AH _c24 cm |
||
| 490 | 0 |
_aKorene _vZv. 24. |
|
| 500 | _aIlustr. na front. Lit. 36. 36 zázn. v slov. a češ. | ||
| 700 | 1 |
_aMoravčík, Štefan _d1943- _4aut |
|
| 700 | 1 |
_aKellenberger, Martin _4bkd |
|
| 700 | 1 |
_aBlažo, Pavol _4bkd |
|
| 958 | _aA | ||
| 999 |
_c12327 _d12327 |
||